Собрание сочинений. Т.20: Пертская красавица, или Валентинов день (Запись № 5090)

Подробности
000 -МАРКЕР
контрольное поле 01033nam2a2200277 4500
001 - ИДЕНТИФИКАТОР ЗАПИСИ
контрольное поле RU\NLR\bibl\2869
005 - ИДЕНТИФИКАТОР ВЕРСИИ
контрольное поле 20250615004414.0
010 ## - МЕЖДУНАРОДНЫЙ СТАНДАРТНЫЙ НОМЕР КНИГИ (ISBN)
Номер (ISBN) 5-7117-046-0
Тираж 15000
021 ## - НОМЕР ГОСУДАРСТВЕННОЙ РЕГИСТРАЦИИ
Код страны Российская Федерация
Номер 98-1064
Номер Листа государственной регистраци 55
035 ## - ДРУГИЕ СИСТЕМНЫЕ НОМЕРА
Идентификатор записи (NLR Aleph) 000002758
100 ## - ДАННЫЕ ОБЩЕЙ ОБРАБОТКИ
Данные общей обработки 19980708d1998 |||y0rusy50 ca
101 1# - ЯЗЫК РЕСУРСА
Язык текста, звукозаписи и т.д. русский
Язык оригинала английский
102 ## - СТРАНА ПУБЛИКАЦИИ ИЛИ ПРОИЗВОДСТВА
Страна публикации Российская Федерация
105 ## - ПОЛЕ КОДИРОВАННЫХ ДАННЫХ: ТЕКСТОВЫЕ МАТЕРИАЛЫ, МОНОГРАФИЧЕСКИЕ
Кодированные данные о монографическом текстовом документе |||||||||||||
200 1# - ЗАГЛАВИЕ И СВЕДЕНИЯ ОБ ОТВЕТСТВЕННОСТИ
Основное заглавие Пертская красавица, или Валентинов день
Сведения, относящиеся к заглавию [Роман
Первые сведения об ответственности Пер. с англ. В.Д. Вольпина]
210 ## - ПУБЛИКАЦИЯ, РАСПРОСТРАНЕНИЕ И ДР.
Дата издания, распространения и т.д. 1998
Место издания, распространения и т.д. Б. м.
215 ## - ФИЗИЧЕСКАЯ ХАРАКТЕРИСТИКА
Специфическое обозначение материала и объем 478 с.
Другие сведения о физической характеристике портр.
461 #0 - УРОВЕНЬ НАБОРА
Встроенное поле 001RU\NLR\bibl\3111
-- 2001#$aСобрание сочинений$vТ.20
Системный номер (АБИС) связанной записи 5786
Автор Скотт, В. (1771-1832)
Место публикации М.
Дата публикации 1997
Первые сведения об ответственности Вальтер Скотт
Имя издателя, распространителя и т.д. Голос
Сведения, относящиеся к заглавию В 22 т.
Заглавие Собрание сочинений
ISBN 5-71117-0005-7
Номер тома Т.20
686 ## - ИНДЕКСЫ ДРУГИХ КЛАССИФИКАЦИЙ
Индекс Ш6(4Вл)57я44
801 #0 - ИСТОЧНИК ЗАПИСИ
Страна Российская Федерация
Организация NLR
Дата составления 19980708
Правила каталогизации PSBO
801 #1 - ИСТОЧНИК ЗАПИСИ
Страна Российская Федерация
Организация NLR
Дата составления 19980708
852 ## - МЕСТОНАХОЖДЕНИЕ И ШИФР ХРАНЕНИЯ
Идентификатор организации NLR
Шифр хранения (Call Number) 93-3/8763
942 ## - ДОПОЛНИТЕЛЬНЫЕ ЭЛЕМЕНТЫ ЗАПИСИ (АБИС)
Тип экземпляра АБИС Книга
980 ## - КОЛЛЕКЦИЯ
Название коллекции Национальная библиография
Экземпляры
Тип экземпляра Дата поступления Библиотека постоянного хранения Библиотека текущего хранения Место хранения Шифр хранения Штрих-код Статус экземпляра
Книга 26.10.2013 РНБ (Московский) РНБ (Московский) Русский книжный фонд: издания с 1957 года 93-3/8763 2758-10